000 00695nam a2200253Ia 4500
003 OSt
005 20220918222336.0
006 a|||||r|||| 00| 0
007 ta
008 220917b |||||||| |||| 00| 0 eng d
024 _a216,504
037 _cTextual
040 _aARTS
_cARTS
_beng
041 _2eng
_aeng
082 _aS:(Y), P2
100 _aCantril Hadley
_941887
245 0 _aPsychology of social movements
260 _aNew Brunswick
_bTransaction publishers
_c2002
300 _axxx,275p
_ccm.
650 _aPSYCHOLOGY
700 _a Cantril Albert H.
_9142862
942 _hS:(Y), P2
_cTEXL
_2CC
999 _c275235
_d275235